000 00241nam a2200109Ia 4500
008 190216s9999||||xx |||||||||||||| ||und||
100 _aIsaac D Vedakkan
245 0 _aAdvanced Accounts
260 _bNull
_c1947
300 _a1042p
942 _cBK
999 _c4600
_d4600